| 000 | 00929cam a22002891 4500 | ||
|---|---|---|---|
| 001 | 0000005566 | ||
| 005 | 20170406120822.0 | ||
| 008 | 720613s1962 nyu b 000 0 eng | ||
| 010 | _a 62017117 | ||
| 035 | _9(DLC) 62017117 | ||
| 035 | _a(OCoLC)330525 | ||
| 040 |
_aDLC _cONowdM _dOCoLC _dDLC |
||
| 041 | 1 | _aengfre | |
| 042 | _aemarc=LC PreMARC Retrospective Conversion Project | ||
| 050 | 0 | 0 |
_aBT220 _b.F413 |
| 082 | 0 | _a232.1 | |
| 100 | 1 |
_aFerrier, Francis, _d1916-. |
|
| 245 | 0 | 0 |
_aWhat is the Incarnation? / _cTranslated from the French by Edward Sillem. |
| 250 | _a[1st ed.] | ||
| 260 |
_aNew York : _bHawthorn Books, _c[1962] |
||
| 300 |
_a174 p. ; _c21 cm. |
||
| 490 | 0 | _aThe Twentieth century encyclopedia of Catholicism, v. 24. Section 2: The basic truths | |
| 500 | _aTranslation of L'incarnation. | ||
| 504 | _aIncludes bibliographies. | ||
| 650 | 0 | _aIncarnation. | |
| 908 | _a150109 | ||
| 999 |
_c5356 _d5356 |
||